| 000 | 00500nam a22001697a 4500 | ||
|---|---|---|---|
| 999 |
_c122318 _d122318 |
||
| 005 | 20210521162651.0 | ||
| 008 | 210521b ||||| |||| 00| 0 eng d | ||
| 020 | _a9783030450984 | ||
| 040 | _cPK-LaUMT | ||
| 082 |
_a711.4 _bURB- |
||
| 245 |
_aUrban intelligence and applications : _bproceedings of ICUIA 2019 / _cedited by Xiaohui Yuan and Mohamed Elhoseny |
||
| 260 |
_aSwitzerland : _bSpringer, _c2020 |
||
| 300 | _a252 p. | ||
| 650 | _aUrban geography | ||
| 650 | _aSmart cities | ||
| 942 | _cBK | ||